MARC details
| 000 -LEADER |
| fixed length control field |
01783nam a2200253 a 4500 |
| 008 - FIXED-LENGTH DATA ELEMENTS--GENERAL INFORMATION |
| fixed length control field |
150218s2009 ||||||||||||||||| || u |
| 020 ## - INTERNATIONAL STANDARD BOOK NUMBER |
| International Standard Book Number |
9780323053853 |
| 050 ## - LIBRARY OF CONGRESS CALL NUMBER |
| Classification number |
QM 601 Car |
| 100 ## - MAIN ENTRY--PERSONAL NAME |
| Personal name |
Carlson,Bruce M |
| 245 10 - TITLE STATEMENT |
| Title |
Human embryology and developmental biology. (4th ed.) |
| Statement of responsibility, etc. |
by Bruce M. Carlson. |
| 250 ## - EDITION STATEMENT |
| Edition statement |
4th ed. |
| 260 ## - PUBLICATION, DISTRIBUTION, ETC. |
| Place of publication, distribution, etc. |
Philadelphia: |
| Name of publisher, distributor, etc. |
Mosby Elsevier |
| Date of publication, distribution, etc. |
2009 |
| 300 ## - PHYSICAL DESCRIPTION |
| Extent |
xvi, 541p.: ill. |
| 650 ## - SUBJECT ADDED ENTRY--TOPICAL TERM |
| Topical term or geographic name entry element |
EMBRYOLOGY, HUMAN |
| 650 ## - SUBJECT ADDED ENTRY--TOPICAL TERM |
| Topical term or geographic name entry element |
HUMAN GROWTH |
| 650 ## - SUBJECT ADDED ENTRY--TOPICAL TERM |
| Topical term or geographic name entry element |
DEVELOPMENTAL BIOLOGY |
| 995 ## - |
| -- |
MEDICAL LIBRARY OPEN ACCESS |
| -- |
902772 |
| -- |
CBU-SCHOOL OF MEDICINE LIBRARY (Ndola) |
| -- |
QM 601 Car |
| -- |
4 |
| -- |
AVAILABLE |
| -- |
Mar 23, 2015 |
| -- |
902772 |
| -- |
Medical Library Open Access Collection |
| 995 ## - |
| -- |
MICHAEL CHILUFYA SATA OPEN ACCESS |
| -- |
902769 |
| -- |
CBU-SCHOOL OF MEDICINE LIBRARY (Ndola) |
| -- |
QM 601 Car |
| -- |
1 |
| -- |
AVAILABLE |
| -- |
Mar 23, 2015 |
| -- |
902769 |
| -- |
Medical Library Open Access Collection |
| 995 ## - |
| -- |
MICHAEL CHILUFYA SATA OPEN ACCESS |
| -- |
902774 |
| -- |
CBU-SCHOOL OF MEDICINE LIBRARY (Ndola) |
| -- |
QM 601 Car |
| -- |
6 |
| -- |
AVAILABLE |
| -- |
Mar 23, 2015 |
| -- |
902774 |
| -- |
Medical Library Open Access Collection |
| 995 ## - |
| -- |
MICHAEL CHILUFYA SATA OPEN ACCESS |
| -- |
902773 |
| -- |
CBU-SCHOOL OF MEDICINE LIBRARY (Ndola) |
| -- |
QM 601 Car |
| -- |
5 |
| -- |
AVAILABLE |
| -- |
Mar 23, 2015 |
| -- |
902773 |
| -- |
Medical Library Open Access Collection |
| 995 ## - |
| -- |
MEDICAL LIBRARY OPEN ACCESS |
| -- |
902771 |
| -- |
CBU-SCHOOL OF MEDICINE LIBRARY (Ndola) |
| -- |
QM 601 Car |
| -- |
3 |
| -- |
AVAILABLE |
| -- |
Mar 23, 2015 |
| -- |
902771 |
| -- |
Medical Library Open Access Collection |
| 995 ## - |
| -- |
MEDICAL LIBRARY OPEN ACCESS |
| -- |
902770 |
| -- |
CBU-SCHOOL OF MEDICINE LIBRARY (Ndola) |
| -- |
QM 601 Car |
| -- |
2 |
| -- |
AVAILABLE |
| -- |
Mar 23, 2015 |
| -- |
902770 |
| -- |
Medical Library Open Access Collection |
| 995 ## - |
| -- |
MICHAEL CHILUFYA SATA OPEN ACCESS |
| -- |
902775 |
| -- |
CBU-SCHOOL OF MEDICINE LIBRARY (Ndola) |
| -- |
QM 601 Car |
| -- |
7 |
| -- |
AVAILABLE |
| -- |
Mar 23, 2015 |
| -- |
902775 |
| -- |
Medical Library Open Access Collection |
| 999 ## - |
| -- |
64091 |
| -- |
64091 |